• 首页
  • 本馆介绍
  • 公告通知
  • 最新文献
  • 馆藏检索
  • 电子资源
  • 读者导购
  • 参考咨询
  • 我的图书馆
  • 登录
  • 详细信息显示
  • 放入我的书架
  • 预约/预借图书
  • 作者相关作品
  • 分类相关作品
  • 丛书相关作品
  • 出版社相关作品

书目信息

  • 表格格式
  • 工作单格式
  • 卡片格式
题名:
C形包围
    
 
作者: 戴旭 著
分册:  
出版信息: 北京   长江文艺出版社  2017
页数: 249页
开本: 24cm
丛书名:
单 册:
中图分类: E81
科图分类:
主题词: 军事战略--研究--中国
电子资源:
ISBN: 978-7-5354-9352-1
000 00885nam0 2200277 45
001 012001005122
005 20191213102145.65
010    @a978-7-5354-9352-1@dCNY45.00
100    @a20181129d2017 em y0chiy50 ea
101 0  @achi
102    @aCN@b420000
105    @ay z 000yy
106    @ar
200 1  @aC形包围@9C xing bao wei@f戴旭著
205    @a修订版
210    @a北京@c长江文艺出版社@d2017
215    @a249页@d24cm
300    @a并列题名:C-shaped ring of encirclement
312    @a封面英文题名:The C-shaped ring of encirclement
330    @a本书共六章,包括C形包围,窥破玄机,中亚逐鹿,东亚战鼓,思考中国军队,国策·军策:中国国家战略定位等。
510 1  @aC-shaped ring of encirclement@zeng
606 0  @a军事战略@x研究@y中国
690    @aE81@v5
701  0 @a戴旭@9dai xu@f(1963~)@4著
801  0 @aCN@b江苏凤凰@c20191020
905    @b1207422-3@dE81@e46=2@f2
    
    C形包围/戴旭著.-修订版.-北京:长江文艺出版社,2017
    249页;24cm
    并列题名:C-shaped ring of encirclement
    
    ISBN 978-7-5354-9352-1:CNY45.00
    本书共六章,包括C形包围,窥破玄机,中亚逐鹿,东亚战鼓,思考中国军队,国策·军策:中国国家战略定位等。
●
相关链接 在E读中查询图书 在五车中查询图书 在当当中查询图书 在豆瓣中查询图书


正题名:C形包围     索取号:E81/46=2         预约/预借

序号 登录号 条形码 馆藏地/架位号 状态 备注
1 1207422   212074226   第一样本阅览室/ [索取号:E81/46=2] 在馆    
2 1207423   212074235   第一借阅区/ [索取号:E81/46=2] 在馆    
唐山师范学院图书馆 欢迎您!
大连网信软件有限公司© 版权所有